000 00446nam a22001457a 4500
999 _c126687
_d126687
005 20220518104059.0
008 220518b ||||| |||| 00| 0 eng d
040 _cPK-LaUMT
082 _a348.5491022
_bFAR-I
100 _aFarani, Barrister M.
245 _aThe interpretation of statutes (statutory construction) /
_cby Barrister M. Irfan
260 _aLahore :
_bKashif Law Book House,
_c1970
_creprinted 2021
300 _a900 p.
942 _cBK